|
|
|
|
| LEADER |
00000nab a2200000 a 4500 |
| 001 |
vtls001007044 |
| 003 |
SK-MaSNL |
| 005 |
20260303040440.0 |
| 008 |
040720e20000320xo 0 slo |
| 035 |
|
|
|a RV7644
|
| 040 |
|
|
|a RVGKPD
|b slo
|c RVGKPD
|e AACR2
|
| 041 |
0 |
|
|a slo
|
| 044 |
|
|
|a xo
|c SK
|
| 080 |
|
|
|a 796.332
|2 1981
|
| 100 |
1 |
|
|a Pollák, Dušan
|4 aut
|9 1024484
|
| 245 |
1 |
0 |
|a Pred štartom okresných futbalových súťaží
|b Futbal
|
| 518 |
|
|
|a 16.03.2000
|
| 610 |
2 |
7 |
|a ObFZ Rožňava
|2 RVGKPD
|9 1024487
|
| 650 |
0 |
7 |
|a futbal
|2 RVGKPD
|9 3291
|
| 650 |
0 |
7 |
|a zasadnutia
|2 RVGKPD
|9 372516
|
| 651 |
|
7 |
|a Rožňava (Slovensko)
|2 RVGKPD
|9 17394
|
| 655 |
|
7 |
|a periodikum
|2 snkbucl
|9 29553
|
| 710 |
2 |
|
|a ObFZ Rožňava
|4 aut
|9 1024487
|
| 773 |
0 |
8 |
|t Týždeň v Gemeri
|g Roč. 1, č.4, 20.3.2000, s. 7
|
| 852 |
|
|
|a ZVYKNI
|b KIS3GCP
|
| 999 |
|
|
|c 1682012
|d 1683942
|